000
00253nam a2200097Ia 4500
008
230907s9999||||xx |||||||||||||| ||und||
082
_a
363.738745,CLI
245
0
_a
Climate change and global policy regimes :
300
_a
xxii, 277 pages :
942
_c
BK
999
_c
597766
_d
597766